Electric transmission and distribution
Saved in:
| Main Authors: | , , , |
|---|---|
| Format: | Book |
| Language: | English |
| Published: |
Nueva York
McGraw-Hill
1954
|
| Series: | Electric utility library
|
| Subjects: | |
| Tags: |
Add Tag
No Tags, Be the first to tag this record!
|
MARC
| LEADER | 00000nam a2200000 a 4500 | ||
|---|---|---|---|
| 001 | UCU5248 | ||
| 003 | CL-VaPUC | ||
| 008 | 960531e19540000US |||||||||||||||||eng|d | ||
| 082 | 0 | 4 | |a 621.319 |b SKR |2 21 |
| 100 | 0 | |a Skrotzki, Bernhardt G |e author |9 363147 | |
| 700 | 0 | |a Adkins, E. M |e author |9 363148 | |
| 700 | 0 | |a Benson, F. S |e author |9 363149 | |
| 700 | 0 | |a Michelson, E. L |e author |9 363150 | |
| 245 | 1 | 0 | |a Electric transmission and distribution |
| 300 | |a 448 p | ||
| 942 | |c BK | ||
| 945 | |d 19960531 00:00:00 |a paguirre | ||
| 260 | |a Nueva York |b McGraw-Hill |c 1954 | ||
| 650 | 0 | |a Distribución de energía eléctrica |9 260221 | |
| 650 | 7 | |a TECNOLOGIA ENERGETICA |2 CL-VaPUC |9 360691 | |
| 650 | 0 | |a Electricidad |9 260222 | |
| 650 | 0 | |a Voltaje |9 362861 | |
| 650 | 0 | |a Transformadores |9 345471 | |
| 583 | |a last modification |c 19960531 00:00:00 |k Rodrigo Vera | ||
| 490 | 0 | |a Electric utility library | |
| 999 | |c 248672 |d 248670 | ||
| 952 | |0 0 |1 0 |4 0 |6 621_319000000000000_SKR_1954 |7 0 |8 P |9 265458 |a BIBING |b BIBING |d 2019-11-19 |i 1671464 |o 621.319 SKR 1954 |p 1671464 |r 2025-01-20 |w 2019-11-19 |y BK |k ING | ||